Auditorio Nacional : 1952-2002 /

Uloženo v:
Podrobná bibliografie
Korporativní autor: Auditorio Nacional
Další autoři: García Cepeda, María Cristina (coordinación editorial) (coordinación editorial), Cruz, Antonieta (coordinación editorial) (coordinación editorial)
Médium: Kniha
Jazyk:španělština
Vydáno: México : Landucci, 2002, c2002
Témata:
Tagy: Přidat tag
Žádné tagy, Buďte první, kdo vytvoří štítek k tomuto záznamu!

MARC

LEADER 00000nam^a2200000^a^4500
001 000151335
005 20250521000000.0
009 20260310100207.518
020 |a 968-5059-63-2 
037 |a Acervo ITESO - Biblioteca 
041 |a ESP 
082 |a 720. 972532063  |b AUD 
110 |a Auditorio Nacional 
245 1 0 |a Auditorio Nacional :  |b 1952-2002 /  |c Coord. editorial de M.C. García Cepeda, A. Cruz. 
264 4 |a México :  |b Landucci,  |c 2002, c2002 
300 |a 420 p. 
336 |a texto  |b txt  |2 rdacontenido 
337 |a sin mediación  |b n  |2 rdamedio 
338 |a volumen  |b nc  |2 rdasoporte 
649 |a XX 
650 |a Auditorios -  |z México (Ciudad) -  |x Historia -  |y 1946-2000 
650 |a Auditorios -  |z México (Ciudad) -  |x Historia -  |y 2000-2006 
650 |a Auditorios -  |z México (Ciudad) -  |x Historia -  |y Siglo XX 
650 |a Auditorios -  |z México (Ciudad) -  |x Historia -  |y Siglo XXI 
650 |a Artes Escénicas -  |z México (Ciudad) -  |x Historia y Crítica 
650 |a Deportes -  |z México (Ciudad) -  |x Historia 
650 |a Ferias Comerciales (Diseño y Montaje) -  |z México (Ciudad) 
650 |a Arte -  |z México (Ciudad) -  |x Exposiciones 
650 |a Cronología Histórica -  |z México (Ciudad) 
650 |a Arquitectura Mexicana -  |y Siglo XX 
650 |a Arte Mexicano -  |y Siglo XX 
700 |a García Cepeda, María Cristina  |e (coordinación editorial) 
700 |a Cruz, Antonieta  |e (coordinación editorial) 
910 |a Fondo General 
920 |a Impresos - Libros 
930 |a Reserva Especial 
905 |a 103 
901 |a 0500082632  |b IT1  |c REE  |u 20250521 
902 |a https://opac.biblio.iteso.mx/vufind/Record/000151335